<?xml version="1.0" encoding="UTF-8"?><?xml-stylesheet type="text/xsl" href="static/style.xsl"?><OAI-PMH xmlns="http://www.openarchives.org/OAI/2.0/" xmlns:xsi="http://www.w3.org/2001/XMLSchema-instance" xsi:schemaLocation="http://www.openarchives.org/OAI/2.0/ http://www.openarchives.org/OAI/2.0/OAI-PMH.xsd"><responseDate>2026-06-03T19:18:40Z</responseDate><request verb="GetRecord" identifier="oai:riuma.uma.es:10630/23274" metadataPrefix="marc">https://riuma.uma.es/rest/oai/request</request><GetRecord><record><header><identifier>oai:riuma.uma.es:10630/23274</identifier><datestamp>2026-02-03T12:00:56Z</datestamp><setSpec>com_10630_2254</setSpec><setSpec>col_10630_37959</setSpec></header><metadata><record xmlns="http://www.loc.gov/MARC21/slim" xmlns:dcterms="http://purl.org/dc/terms/" xmlns:doc="http://www.lyncode.com/xoai" xmlns:xsi="http://www.w3.org/2001/XMLSchema-instance" xsi:schemaLocation="http://www.loc.gov/MARC21/slim http://www.loc.gov/standards/marcxml/schema/MARC21slim.xsd">
   <leader>00925njm 22002777a 4500</leader>
   <datafield ind2=" " ind1=" " tag="042">
      <subfield code="a">dc</subfield>
   </datafield>
   <datafield ind2=" " ind1=" " tag="720">
      <subfield code="a">Rovira-Medina, Juan José</subfield>
      <subfield code="e">author</subfield>
   </datafield>
   <datafield ind2=" " ind1=" " tag="720">
      <subfield code="a">Carrasco Martín, Alejandro</subfield>
      <subfield code="e">author</subfield>
   </datafield>
   <datafield ind2=" " ind1=" " tag="720">
      <subfield code="a">Mudarra-Martínez, Matías</subfield>
      <subfield code="e">author</subfield>
   </datafield>
   <datafield ind2=" " ind1=" " tag="720">
      <subfield code="a">De la Torre Martínez, Beatriz</subfield>
      <subfield code="e">author</subfield>
   </datafield>
   <datafield ind2=" " ind1=" " tag="720">
      <subfield code="a">Andreo-Navarro, Bartolomé</subfield>
      <subfield code="e">author</subfield>
   </datafield>
   <datafield ind2=" " ind1=" " tag="260">
      <subfield code="c">2021-11-17</subfield>
   </datafield>
   <datafield ind2=" " ind1=" " tag="520">
      <subfield code="a">En general, el caudal y los valores de conductividad eléctrica del agua de ambos ríos aumentan en el sentido del flujo y la composición química evoluciona de facies bicarbonatada-cálcica a bicarbonatada-cálcico-magnésica, como consecuencia del drenaje de dolomías hacia aguas abajo en los respectivos cauces. Existen tramos con un claro carácter ganador y otros en los que no se han detectado aportaciones subterráneas significativas. Así, los aforos diferenciales y las medidas de la actividad de radón han permitido identificar un tramo ganador en el entorno del nacimiento del río Segura y otro, de aproximadamente 4 km de longitud, situado aguas abajo del núcleo urbano de Pontones.  Por su parte, la descarga conjunta de los manantiales de cabecera de la cuenca del río Zumeta es similar a los caudales medidos en el cauce 4 km aguas abajo, con menor actividad de radón aquí que en el agua de los manantiales, lo que sería indicativo de desgasificación por ausencia de descargas de agua subterránea en ese tramo. En áreas montañosas, la cuantificación de las aportaciones subterráneas a los cauces es crucial para mejorar la protección y la gestión de los recursos hídricos, por sus implicaciones directas en la planificación hidrológica y en la preservación ambiental de los ecosistemas dependientes de las aguas subterráneas.</subfield>
   </datafield>
   <datafield ind1="8" ind2=" " tag="024">
      <subfield code="a">https://hdl.handle.net/10630/23274</subfield>
   </datafield>
   <datafield tag="653" ind2=" " ind1=" ">
      <subfield code="a">Karst</subfield>
   </datafield>
   <datafield tag="653" ind2=" " ind1=" ">
      <subfield code="a">Hidrogeología</subfield>
   </datafield>
   <datafield tag="653" ind2=" " ind1=" ">
      <subfield code="a">Geología</subfield>
   </datafield>
   <datafield ind2="0" ind1="0" tag="245">
      <subfield code="a">Caracterización preliminar de las relaciones río-acuífero en la cabecera de los ríos Segura y Zumeta. Implicaciones para la evaluación de los recursos hídricos de los acuíferos carbonáticos de la Sierra de Segura</subfield>
   </datafield>
</record>
</metadata></record></GetRecord></OAI-PMH>